A brief guide to philosophical classics : (Record no. 247)

MARC details
000 -LEADER
fixed length control field 00591nam a2200193 a 4500
003 - CONTROL NUMBER IDENTIFIER
control field BD-DhJNU
005 - DATE AND TIME OF LATEST TRANSACTION
control field 20240422061200.0
008 - FIXED-LENGTH DATA ELEMENTS--GENERAL INFORMATION
fixed length control field 240401s2015 ii a b 001 0 eng
020 ## - INTERNATIONAL STANDARD BOOK NUMBER
International Standard Book Number 9781849010016
040 ## - CATALOGING SOURCE
Original cataloging agency BD-DhJNU
Language of cataloging ENG
Transcribing agency BD-DhJNU
Modifying agency BD-DhJNU
082 00 - DEWEY DECIMAL CLASSIFICATION NUMBER
Classification number 100 RUB
Edition number 23
100 1# - MAIN ENTRY--PERSONAL NAME
Personal name Russell, James M.
245 10 - TITLE STATEMENT
Title A brief guide to philosophical classics :
Remainder of title from plato to winnie the pooh /
Statement of responsibility, etc. James M. Russell
260 ## - PUBLICATION, DISTRIBUTION, ETC.
Place of publication, distribution, etc. New Delhi :
Name of publisher, distributor, etc. Robinson,
Date of publication, distribution, etc. 2015.
300 ## - PHYSICAL DESCRIPTION
Extent xii, 292 p. :
Other physical details ill. ;
Dimensions 20 cm.
504 ## - BIBLIOGRAPHY, ETC. NOTE
Bibliography, etc. note Includes index.
650 #0 - SUBJECT ADDED ENTRY--TOPICAL TERM
Topical term or geographic name entry element Philosophical literature
942 ## - ADDED ENTRY ELEMENTS (KOHA)
Koha item type Books
Holdings
Withdrawn status Lost status Source of classification or shelving scheme Damaged status Not for loan Collection Home library Current library Shelving location Date acquired Source of acquisition Total checkouts Full call number Barcode Date last seen Copy number Price effective from Koha item type
    Dewey Decimal Classification     Non-fiction Jagannath University Central Library Jagannath University Central Library General stacks 04/22/2024 Purchased   100 RUB JNUCL32998 04/22/2024 1 04/22/2024 Books